000 00503nam a2200181Ia 4500
008 090124s9999 xx 000 0 und d
082 _b41336
100 _aखान राजन
245 _a बीज-धारणा
250 _a1
260 _bश्रीपाद प्रकाशन
_c2004
300 _a184
600 _aखान राजन
630 _a बीज-धारणा
700 _aखान राजन
730 _a बीज-धारणा
942 _cBOOK
999 _c107475
_d107475